[Event "Brasschaat op"]
[Site "Brasschaat"]
[Date "2023.08.20"]
[Round "2"]
[White "Boudry, William"]
[Black "Bosschaerts, Patrick"]
[Result "1-0"]
[WhiteElo "2084"]
[BlackElo "1754"]
[PlyCount "53"]
[EventDate "2023.08.18"]
[EventType "swiss"]
[EventRounds "9"]
[EventCountry "BEL"]
[SourceTitle "EXT 2024"]
[Source "ChessBase"]
[SourceDate "2023.10.10"]
[SourceVersion "1"]
[SourceVersionDate "2023.10.10"]
[SourceQuality "1"]

1. d4 e6 2. Bf4 Nf6 3. e3 b6 4. Nf3 Bb7 5. Nbd2 Be7 6. Bd3 0-0 7. c3 d5 8. Ne5 Nbd7 9. Qf3 c5 10. Qh3 cxd4 11. exd4 Re8 12. g4 g6 13. Ndf3 Ne4 14. Nxf7 Qc8 15. N3e5 Rf8 16. f3 Nxe5 17. Nh6+ Kg7 18. Bxe5+ Bf6 19. fxe4 Bxe5 20. dxe5 dxe4 21. Be2 Qd8 22. Rd1 Qe7 23. g5 Rad8 24. Rxd8 Rxd8 25. Rf1 Rf8 26. Rxf8 Kxf8 27. Qf1+ 1-0

[Event "Antwerp World Uni blitz op"]
[Site "Antwerp"]
[Date "2022.09.14"]
[Round "9"]
[White "Boudry, William"]
[Black "Alexakis, Dimitris"]
[Result "0-1"]
[WhiteElo "2122"]
[BlackElo "2473"]
[PlyCount "104"]
[EventDate "2022.09.14"]
[EventType "swiss (blitz)"]
[EventRounds "9"]
[EventCountry "BEL"]
[SourceTitle "CBM 210 Extra"]
[Source "ChessBase"]
[SourceDate "2022.11.30"]
[SourceVersion "1"]
[SourceVersionDate "2022.11.30"]
[SourceQuality "1"]

1. e4 c5 2. c3 Nf6 3. e5 Nd5 4. d4 cxd4 5. Nf3 Nc6 6. cxd4 d6 7. Bc4 Nb6 8. Bb5 a6 9. Bxc6+ bxc6 10. 0-0 Bg4 11. h3 Bh5 12. e6 fxe6 13. Re1 Qd7 14. g4 Bf7 15. Ng5 h6 16. Nxf7 Kxf7 17. Qf3+ Kg8 18. Nc3 Nd5 19. Qe4 Nf6 20. Qxe6+ Qxe6 21. Rxe6 Kf7 22. Re2 g6 23. Bf4 Bg7 24. Rae1 Rhe8 25. Rc1 Rac8 26. Na4 Nd5 27. Be3 e5 28. dxe5 Rxe5 29. Kf1 Nxe3+ 30. Rxe3 Rxe3 31. fxe3 Ke6 32. Ke2 a5 33. b3 c5 34. Rf1 Rb8 35. e4 Rb4 36. Kf3 Be5 37. Rc1 Rd4 38. Ke3 Bf6 39. Nxc5+ dxc5 40. Rxc5 Rd1 41. Rxa5 Bg5+ 42. Kf3 Rd3+ 43. Kg2 Bf4 44. b4 Rg3+ 45. Kf2 Rxh3 46. b5 Ke5 47. b6+ Kxe4 48. b7 Rh2+ 49. Kg1 Rb2 50. Ra6 Kf3 51. Ra3+ Be3+ 52. Kh1 Rxb7 0-1

[Event "Antwerp World Uni op"]
[Site "Antwerp"]
[Date "2022.09.14"]
[Round "5"]
[White "Boudry, William"]
[Black "Tan, Jun Hao"]
[Result "1-0"]
[WhiteElo "2109"]
[BlackElo "1796"]
[PlyCount "73"]
[EventDate "2022.09.12"]
[EventType "swiss"]
[EventRounds "9"]
[EventCountry "BEL"]
[SourceTitle "EXT 2023"]
[Source "ChessBase"]
[SourceDate "2022.10.05"]
[SourceVersion "1"]
[SourceVersionDate "2022.10.05"]
[SourceQuality "1"]

1. e4 c5 2. Nf3 e6 3. d4 cxd4 4. Nxd4 a6 5. Nc3 Qc7 6. Be3 Nc6 7. g4 h6 8. h4 Nf6 9. Nxc6 bxc6 10. Qf3 d5 11. g5 hxg5 12. hxg5 Rxh1 13. Qxh1 Ng4 14. 0-0-0 Nxe3 15. fxe3 Bb7 16. g6 0-0-0 17. Bh3 Bb4 18. gxf7 Qxf7 19. exd5 cxd5 20. Nxd5 Kb8 21. Qe4 Rxd5 22. Rxd5 exd5 23. Qxb4 Qf3 24. Qf4+ Qxf4 25. exf4 d4 26. Bf5 a5 27. Kd2 Ba6 28. c3 dxc3+ 29. bxc3 Kc7 30. Ke3 Bf1 31. Kd4 Kc6 32. c4 Be2 33. Be4+ Kb6 34. a3 Bg4 35. Kd5 Bc8 36. Kd6 Bg4 37. Bc6 1-0

[Event "Antwerp World Uni blitz op"]
[Site "Antwerp"]
[Date "2022.09.14"]
[Round "6"]
[White "Tan, Jun Hao"]
[Black "Boudry, William"]
[Result "0-1"]
[WhiteElo "1797"]
[BlackElo "2122"]
[PlyCount "80"]
[EventDate "2022.09.14"]
[EventType "swiss (blitz)"]
[EventRounds "9"]
[EventCountry "BEL"]
[SourceTitle "CBM 210 Extra"]
[Source "ChessBase"]
[SourceDate "2022.11.30"]
[SourceVersion "1"]
[SourceVersionDate "2022.11.30"]
[SourceQuality "1"]

1. Nf3 d5 2. b3 Nf6 3. Bb2 g6 4. e3 Bg7 5. Be2 0-0 6. c4 c6 7. 0-0 Re8 8. d4 Bf5 9. Ne5 Nbd7 10. Nd2 Nxe5 11. dxe5 Nd7 12. f4 dxc4 13. Bxc4 Nc5 14. Bd4 Ne4 15. Nxe4 Bxe4 16. Qe2 b5 17. Bxb5 cxb5 18. Qxb5 a6 19. Qb4 Qd5 20. Rf2 Rac8 21. Qa4 Rc6 22. h3 Rec8 23. Qb4 e6 24. Kh2 Bf8 25. Qa4 Rc2 26. Raf1 Bxg2 27. b4 Rxf2 28. Rxf2 Be4 29. a3 Rc1 30. Qe8 Rh1+ 31. Kg3 Rg1+ 32. Kh2 Rg2+ 33. Rxg2 Bxg2 34. Bc5 Qa8 35. Qa4 Bf1 36. Kg3 Qg2+ 37. Kh4 Qxh3+ 38. Kg5 Qf5+ 39. Kh4 Qh3+ 40. Kg5 Qh5+ 0-1

[Event "Leuven op"]
[Site "Leuven"]
[Date "2019.11.09"]
[Round "3"]
[White "Boudry, William"]
[Black "Van der Weij, Anton"]
[Result "1/2-1/2"]
[WhiteElo "2012"]
[BlackElo "2195"]
[PlyCount "78"]
[EventDate "2019.11.08"]
[EventType "swiss"]
[EventRounds "7"]
[EventCountry "BEL"]
[SourceTitle "CBM 193 Extra"]
[Source "ChessBase"]
[SourceDate "2020.01.31"]
[SourceVersion "1"]
[SourceVersionDate "2020.01.31"]
[SourceQuality "1"]

1. d4 d5 2. Bf4 Nf6 3. e3 e6 4. Nd2 Bd6 5. Bg3 b6 6. c3 Bb7 7. Bd3 0-0 8. Ngf3 Ne4 9. Bh4 Be7 10. Bxe7 Qxe7 11. Qc2 f5 12. Ne5 Nxd2 13. Qxd2 Nd7 14. Nxd7 Qxd7 15. 0-0 a5 16. Rfe1 Rf6 17. f3 Kh8 18. e4 fxe4 19. fxe4 Raf8 20. e5 Rf4 21. Rf1 Rxf1+ 22. Rxf1 Rxf1+ 23. Kxf1 Qe7 24. Qe3 Bc6 25. Qh3 h6 26. Qg3 Be8 27. Bc2 Kg8 28. Qd3 Qg5 29. Qd1 Bb5+ 30. Kg1 Qe3+ 31. Kh1 Qf2 32. h3 Bf1 33. Qf3 Qxf3 34. gxf3 Bxh3 35. Bd3 Kf7 36. Kh2 Bf5 37. Bxf5 exf5 38. a3 a4 39. Kg3 g5 1/2-1/2

[Event "NED-ch U20 op"]
[Site "Borne"]
[Date "2019.08.06"]
[Round "2"]
[White "Boudry, William"]
[Black "Maerevoet, Sim"]
[Result "0-1"]
[WhiteElo "2033"]
[BlackElo "2321"]
[PlyCount "84"]
[EventDate "2019.08.05"]
[EventType "swiss"]
[EventRounds "9"]
[EventCountry "NED"]
[SourceTitle "CBM 191 Extra"]
[Source "ChessBase"]
[SourceDate "2019.09.30"]
[SourceVersion "1"]
[SourceVersionDate "2019.09.30"]
[SourceQuality "1"]

1. e4 c5 2. d4 cxd4 3. c3 dxc3 4. Nxc3 Nc6 5. Nf3 d6 6. Bc4 a6 7. 0-0 Nf6 8. Bf4 Bg4 9. h3 Bh5 10. g4 Bg6 11. e5 dxe5 12. Nxe5 Qc8 13. Qb3 e6 14. Nxc6 bxc6 15. Na4 Ra7 16. Be3 Rb7 17. Nb6 Qc7 18. Bxa6 Ra7 19. Qc4 Bd6 20. Nc8 Bh2+ 21. Kh1 Be4+ 22. f3 Bd5 23. Qe2 Rxa6 24. Qxa6 Qg3 25. Qe2 Qxh3 26. Qg2 Qxg2+ 27. Kxg2 Nxg4 28. Bc5 Bf4 29. Rfe1 Nh2 30. Kf2 Nxf3 31. Red1 Ng5 32. Nb6 Ne4+ 33. Kf3 g5 34. Nxd5 exd5 35. Bd4 f6 36. a4 h5 37. a5 Kd7 38. a6 Ra8 39. Ra3 f5 40. a7 h4 41. Rdd3 h3 42. Rdb3 Nd2+ 0-1

[Event "Ghent Eastman op 42nd"]
[Site "Ghent"]
[Date "2019.07.24"]
[Round "9"]
[White "Hulshof, Peter"]
[Black "Boudry, William"]
[Result "1-0"]
[WhiteElo "2180"]
[BlackElo "2033"]
[PlyCount "69"]
[EventDate "2019.07.20"]
[EventType "swiss"]
[EventRounds "9"]
[EventCountry "BEL"]
[SourceTitle "CBM 191 Extra"]
[Source "ChessBase"]
[SourceDate "2019.09.30"]
[SourceVersion "1"]
[SourceVersionDate "2019.09.30"]
[SourceQuality "1"]

1. e4 c5 2. Nc3 g6 3. g3 Bg7 4. Bg2 Nc6 5. d3 d6 6. f4 Nf6 7. Nf3 Bg4 8. h3 Bxf3 9. Qxf3 0-0 10. 0-0 Nd7 11. Be3 Rb8 12. Qf2 Nd4 13. Nd1 b5 14. c3 Nc6 15. e5 Qc7 16. d4 cxd4 17. cxd4 e6 18. Rc1 d5 19. g4 f6 20. Nc3 Kh8 21. Nxd5 exd5 22. Bxd5 Rb6 23. e6 Ndb8 24. f5 Qd6 25. Bg2 Nb4 26. Bf4 Qe7 27. Rc7 Qe8 28. Qd2 g5 29. Bg3 N4a6 30. Rxa7 Nc6 31. Rd7 Nab8 32. Rd6 Rb7 33. Rc1 Rc7 34. d5 Ne5 35. Rxc7 1-0

[Event "Ghent Eastman op 42nd"]
[Site "Ghent"]
[Date "2019.07.21"]
[Round "3"]
[White "Vinke, Maarten"]
[Black "Boudry, William"]
[Result "1-0"]
[WhiteElo "2183"]
[BlackElo "2033"]
[PlyCount "43"]
[EventDate "2019.07.20"]
[EventType "swiss"]
[EventRounds "9"]
[EventCountry "BEL"]
[SourceTitle "CBM 191 Extra"]
[Source "ChessBase"]
[SourceDate "2019.09.30"]
[SourceVersion "1"]
[SourceVersionDate "2019.09.30"]
[SourceQuality "1"]

1. e4 e6 2. d4 d5 3. exd5 exd5 4. c4 Nf6 5. Nc3 Be7 6. Bd3 0-0 7. Nge2 Be6 8. Nf4 Qd7 9. 0-0 dxc4 10. Nxe6 Qxe6 11. Re1 Qd7 12. Bxc4 Bd6 13. Bg5 Ng4 14. h3 Nxf2 15. Qf3 b5 16. Bxb5 c6 17. Bc4 Bg3 18. Qxg3 Nxh3+ 19. gxh3 Qxd4+ 20. Kh1 Qxc4 21. Bh6 Qd4 22. Re4 1-0

[Event "Brasschaat op 18th"]
[Site "Brasschaat"]
[Date "2018.08.24"]
[Round "7"]
[White "Grochal, Joey"]
[Black "Boudry, William"]
[Result "1/2-1/2"]
[WhiteElo "2300"]
[BlackElo "2044"]
[PlyCount "129"]
[EventDate "2018.08.18"]
[EventType "swiss"]
[EventRounds "9"]
[EventCountry "BEL"]
[SourceTitle "CBM 186 Extra"]
[Source "ChessBase"]
[SourceDate "2018.08.24"]
[SourceVersion "1"]
[SourceVersionDate "2018.08.24"]
[SourceQuality "1"]

1. d4 d5 2. c4 e6 3. Nc3 Be7 4. Nf3 Nf6 5. Bf4 0-0 6. e3 b6 7. Bd3 c5 8. cxd5 Nxd5 9. Nxd5 exd5 10. Qc2 h6 11. 0-0 c4 12. Bh7+ Kh8 13. Bf5 Nc6 14. Ne5 Nxe5 15. dxe5 Bxf5 16. Qxf5 Qc8 17. Qh5 Qe6 18. Bg3 Bc5 19. Rad1 Rad8 20. Kh1 f6 21. Bh4 Be7 22. exf6 Bxf6 23. Bxf6 Rxf6 24. Kg1 Rf5 25. Qg4 Rdf8 26. Qd4 Kg8 27. f4 Re8 28. Rf3 Qe4 29. Qxe4 dxe4 30. Rf2 Ra5 31. a3 c3 32. Rd7 cxb2 33. Rxb2 Rc8 34. Re7 Rxa3 35. Rxe4 Rac3 36. h3 Rc2 37. Rxc2 Rxc2 38. Re8+ Kf7 39. Rb8 Ra2 40. Rb7+ Kf6 41. e4 Ra4 42. e5+ Ke6 43. Rxg7 Rxf4 44. Rxa7 Kxe5 45. Rb7 Rf6 46. Kh2 Kf4 47. g4 Rc6 48. Rf7+ Ke5 49. Kg3 Kd4 50. h4 b5 51. g5 b4 52. Kg4 hxg5 53. hxg5 b3 54. Kh5 Rb6 55. Rf1 b2 56. Rb1 Ke5 57. g6 Kf6 58. Kh6 Rb3 59. Rf1+ Ke5 60. g7 b1Q 61. Rxb1 Rxb1 62. g8Q Rh1+ 63. Kg7 Rg1+ 64. Kf7 Rxg8 65. Kxg8 1/2-1/2

[Event "Brasschaat op 18th"]
[Site "Brasschaat"]
[Date "2018.08.22"]
[Round "5"]
[White "Engelaer, Maurice"]
[Black "Boudry, William"]
[Result "1/2-1/2"]
[WhiteElo "1915"]
[BlackElo "2044"]
[PlyCount "108"]
[EventDate "2018.08.18"]
[EventType "swiss"]
[EventRounds "9"]
[EventCountry "BEL"]
[SourceTitle "CBM 186 Extra"]
[Source "ChessBase"]
[SourceDate "2018.08.24"]
[SourceVersion "1"]
[SourceVersionDate "2018.08.24"]
[SourceQuality "1"]

1. e4 e6 2. d4 d5 3. e5 c5 4. c3 Nc6 5. Nf3 Bd7 6. Be2 f6 7. 0-0 fxe5 8. dxe5 Qc7 9. Re1 0-0-0 10. Ng5 Nh6 11. f4 Be7 12. Nf3 g5 13. Na3 gxf4 14. Bxf4 Nf7 15. Qd2 a6 16. Nc2 Rhg8 17. Kh1 Rg7 18. b4 Rdg8 19. Bf1 Ng5 20. Nxg5 Bxg5 21. bxc5 Bxf4 22. Qxf4 Rg5 23. Nd4 Nxe5 24. Rab1 h6 25. c6 Nxc6 26. Qxc7+ Kxc7 27. Nxe6+ Bxe6 28. Rxe6 h5 29. Rh6 R8g7 30. g3 Re7 31. Bg2 Rge5 32. Kg1 Na5 33. Bf3 Nc4 34. Bxh5 Nd2 35. Rd1 Ne4 36. Rc1 Nd2 37. Bg4 Re1+ 38. Rxe1 Rxe1+ 39. Kf2 Ra1 40. Ke3 Nf1+ 41. Ke2 Nxh2 42. Be6 Rxa2+ 43. Kd3 Nf1 44. Bxd5 Rd2+ 45. Ke4 Nxg3+ 46. Ke5 Kb8 47. Rh8+ Ka7 48. Rh7 Rb2 49. c4 Nf1 50. c5 Ne3 51. c6 Nxd5 52. Kxd5 Rb5+ 53. Kc4 Rb6 54. Rxb7+ Rxb7 1/2-1/2

[Event "Charleville Mezieres op 14th"]
[Site "Charleville Mezieres"]
[Date "2017.12.26"]
[Round "7"]
[White "Boudry, William"]
[Black "Monceau, Etienne"]
[Result "0-1"]
[WhiteElo "2042"]
[BlackElo "1987"]
[PlyCount "148"]
[EventDate "2017.12.26"]
[EventType "swiss"]
[EventRounds "7"]
[EventCountry "FRA"]
[SourceTitle "CBM 182 Extra"]
[Source "ChessBase"]
[SourceDate "2018.02.23"]
[SourceVersion "1"]
[SourceVersionDate "2018.02.23"]
[SourceQuality "1"]

1. d4 d5 2. Bf4 c5 3. e3 Nf6 4. Nc3 a6 5. Nf3 Bg4 6. h3 Bxf3 7. Qxf3 Nc6 8. Qd1 e6 9. Be2 cxd4 10. exd4 Qb6 11. Na4 Qxd4 12. Qxd4 Nxd4 13. Bd3 Rc8 14. c3 Nb5 15. Kd2 Be7 16. Rhe1 0-0 17. g4 Rfd8 18. a3 Nd6 19. b4 Nde4+ 20. Ke2 b5 21. f3 Nxc3+ 22. Nxc3 Rxc3 23. Bd2 Rc6 24. a4 bxa4 25. Rxa4 Nd7 26. Bxa6 Nb6 27. Ra2 h6 28. b5 Rc4 29. Rc1 Bb4 30. Rac2 Ba3 31. Rxc4 Nxc4 32. Ra1 Bc5 33. Rc1 Bb6 34. Be1 Kf8 35. Bb4+ Kg8 36. Be1 Ra8 37. Bf2 Bxf2 38. Kxf2 Kf8 39. Rb1 Rb8 40. Ke2 Ke7 41. Kd3 Kd6 42. f4 f6 43. Rf1 Na3 44. Ra1 Nc4 45. Rf1 Rb6 46. h4 e5 47. fxe5+ Nxe5+ 48. Kd4 Nxg4 49. h5 Rb8 50. Rg1 f5 51. Rf1 Nf6 52. Rc1 Rb6 53. Rf1 Nxh5 54. Rxf5 Nf6 55. Rf1 Rb8 56. Rc1 h5 57. Rc6+ Kd7 58. Kc5 h4 59. b6 h3 60. Bf1 h2 61. Bg2 Ke7 62. Rc7+ Nd7+ 63. Kxd5 Rxb6 64. Rc1 Rb4 65. Rf1 Rg4 66. Re1+ Kf8 67. Rh1 Rxg2 68. Ke4 Kf7 69. Kf3 Ra2 70. Rf1 Nf6 71. Kg3 g5 72. Kf3 Kg6 73. Kg3 Ne4+ 74. Kh3 h1Q+ 0-1

[Event "Charleville Mezieres op 14th"]
[Site "Charleville Mezieres"]
[Date "2017.12.26"]
[Round "3"]
[White "Joie, Sebastien"]
[Black "Boudry, William"]
[Result "1-0"]
[WhiteElo "2363"]
[BlackElo "2042"]
[PlyCount "91"]
[EventDate "2017.12.26"]
[EventType "swiss"]
[EventRounds "7"]
[EventCountry "FRA"]
[SourceTitle "CBM 182 Extra"]
[Source "ChessBase"]
[SourceDate "2018.02.23"]
[SourceVersion "1"]
[SourceVersionDate "2018.02.23"]
[SourceQuality "1"]

1. d4 d6 2. g3 e5 3. dxe5 dxe5 4. Qxd8+ Kxd8 5. Nc3 Be6 6. f4 Nd7 7. Bg2 c6 8. Nf3 Bd6 9. Ng5 exf4 10. Nce4 Bc7 11. gxf4 Bd5 12. b3 f5 13. Bb2 h6 14. Bxg7 hxg5 15. Bxh8 Bxf4 16. Nxg5 Bxg2 17. Rg1 Bd5 18. e4 fxe4 19. c4 Bxg5 20. Rxg5 Bf7 21. 0-0-0 Ke7 22. Bc3 b6 23. Rg7 Ngf6 24. h4 Rh8 25. Rxd7+ Nxd7 26. Rxf7+ Kxf7 27. Bxh8 Kg6 28. Kd2 Kh5 29. Ke3 Kxh4 30. Kxe4 Kg5 31. b4 a6 32. Be5 Kg6 33. a4 Kf7 34. Bc7 Ke6 35. Kd4 c5+ 36. Kc3 Ne5 37. b5 axb5 38. cxb5 Nd7 39. Kc4 Ne5+ 40. Bxe5 Kxe5 41. a5 bxa5 42. b6 Kd6 43. Kb5 c4 44. Ka6 c3 45. b7 Kc5 46. Kxa5 1-0

[Event "EU-chT U18"]
[Site "Rymanow Zdroj"]
[Date "2017.08.18"]
[Round "2.11"]
[White "Molnar, Erno"]
[Black "Boudry, William"]
[Result "1-0"]
[WhiteElo "2194"]
[BlackElo "1965"]
[PlyCount "87"]
[EventDate "2017.08.17"]
[EventType "team-swiss"]
[EventRounds "7"]
[EventCountry "POL"]
[SourceTitle "CBM 180 Extra"]
[Source "ChessBase"]
[SourceDate "2017.10.06"]
[SourceVersion "1"]
[SourceVersionDate "2017.10.06"]
[SourceQuality "1"]
[WhiteTeam "Slovakia U18 III"]
[BlackTeam "Belgium U18"]
[WhiteTeamCountry "SVK"]
[BlackTeamCountry "BEL"]

1. e4 d6 2. d4 Nf6 3. Nc3 e5 4. Nf3 Nbd7 5. Bc4 Be7 6. 0-0 c6 7. a4 a5 8. Re1 Qc7 9. Ba2 h6 10. h3 Nf8 11. Be3 g5 12. Nh2 Ng6 13. Qf3 Nh4 14. Qe2 Rg8 15. dxe5 dxe5 16. Kh1 g4 17. g3 Nf3 18. Nxf3 gxf3 19. Qxf3 Bxh3 20. Kh2 Bg4 21. Qg2 h5 22. Rh1 Bb4 23. f3 0-0-0 24. Kg1 Be6 25. Bxe6+ fxe6 26. Kf2 Qf7 27. Ke2 Qg7 28. Bf2 Qg5 29. Rad1 h4 30. Qh3 Rxd1 31. Rxd1 hxg3 32. Qxe6+ Kb8 33. Be3 Qh4 34. Qxe5+ Ka8 35. Kd2 g2 36. Kc1 g1Q 37. Bxg1 Nd7 38. Qf5 Nf6 39. Be3 Nh5 40. Ne2 Rf8 41. Qe5 Qh3 42. Ng1 Qh4 43. c3 Be7 44. Qxa5+ 1-0

[Event "BEL-ch U16"]
[Site "Blankenberge"]
[Date "2017.04.13"]
[Round "7"]
[White "Beukema, Jasper"]
[Black "Boudry, William"]
[Result "0-1"]
[WhiteElo "2276"]
[BlackElo "1842"]
[PlyCount "90"]
[EventDate "2017.04.09"]
[EventType "swiss"]
[EventRounds "9"]
[EventCountry "BEL"]
[SourceTitle "CBM 178 Extra"]
[Source "ChessBase"]
[SourceDate "2017.06.22"]
[SourceVersion "1"]
[SourceVersionDate "2017.06.22"]
[SourceQuality "1"]

1. e4 d6 2. d4 Nf6 3. Nc3 g6 4. f4 Bg7 5. Nf3 0-0 6. Bd3 Na6 7. a3 c5 8. d5 Nc7 9. 0-0 Bg4 10. Be3 e6 11. h3 Bxf3 12. Qxf3 exd5 13. exd5 Qd7 14. a4 Rae8 15. Rae1 a6 16. a5 Re7 17. Bd2 Rfe8 18. Rxe7 Rxe7 19. f5 Nb5 20. Nxb5 axb5 21. b3 Qc7 22. fxg6 fxg6 23. Bc3 c4 24. bxc4 bxc4 25. Bxf6 Rf7 26. Bf5 Rxf6 27. Be6+ Kf8 28. Qe2 Qxa5 29. g4 b5 30. Kg2 Qa7 31. Rb1 Qc5 32. c3 Rf4 33. Qd2 g5 34. h4 Bxc3 35. Qa2 Ke7 36. Qc2 Bg7 37. Re1 Qa3 38. Bf5+ Be5 39. Qe2 gxh4 40. Qe3 Qxe3 41. Rxe3 c3 42. Kh3 Rxf5 43. gxf5 c2 44. Re1 b4 45. Rc1 b3 0-1

[Event "EU-ch U14 25th"]
[Site "Porec"]
[Date "2015.09.30"]
[Round "9"]
[White "Klingher, Dominic"]
[Black "Boudry, William"]
[Result "1/2-1/2"]
[WhiteElo "1829"]
[BlackElo "1709"]
[PlyCount "40"]
[EventDate "2015.09.21"]
[EventType "swiss"]
[EventRounds "9"]
[EventCountry "CRO"]
[SourceTitle "EXT 2016"]
[Source "ChessBase"]
[SourceDate "2015.10.08"]
[SourceVersion "1"]
[SourceVersionDate "2015.10.08"]
[SourceQuality "1"]

1. e4 c5 2. f4 e6 3. Nf3 d5 4. Nc3 dxe4 5. Nxe4 Nf6 6. Nf2 Nc6 7. b3 Bd6 8. g3 0-0 9. Bb2 Re8 10. Bg2 e5 11. fxe5 Nxe5 12. 0-0 Qc7 13. Rc1 Bd7 14. Nxe5 Bxe5 15. Bxe5 Rxe5 16. Nd3 Bg4 17. Bf3 Rg5 18. Bxg4 Rxg4 19. Rxf6 Rxg3+ 20. hxg3 Qxg3+ 1/2-1/2

[Event "EU-ch U14 25th"]
[Site "Porec"]
[Date "2015.09.27"]
[Round "6"]
[White "Urwyler, Nikash"]
[Black "Boudry, William"]
[Result "0-1"]
[WhiteElo "1905"]
[BlackElo "1709"]
[PlyCount "118"]
[EventDate "2015.09.21"]
[EventType "swiss"]
[EventRounds "9"]
[EventCountry "CRO"]
[SourceTitle "EXT 2016"]
[Source "ChessBase"]
[SourceDate "2015.10.08"]
[SourceVersion "1"]
[SourceVersionDate "2015.10.08"]
[SourceQuality "1"]

1. e4 c5 2. Nf3 d6 3. d4 cxd4 4. Nxd4 Nf6 5. Nc3 g6 6. Be3 Bg7 7. Qd2 0-0 8. f3 Nc6 9. 0-0-0 d5 10. exd5 Nxd5 11. Nxc6 bxc6 12. Bd4 e5 13. Bc5 Be6 14. Bxf8 Qxf8 15. Nxd5 Bxd5 16. Qa5 e4 17. Be2 Qb8 18. c3 Qf4+ 19. Kb1 Rb8 20. Ka1 Qe3 21. Rhe1 Qf2 22. fxe4 Bc4 23. Qc7 Bxe2 24. Qxb8+ Bf8 25. Rxe2 Qxe2 26. Qb3 Qxe4 27. Rf1 Qe8 28. Qc4 Bd6 29. g3 Bc7 30. a3 Bb6 31. Rf6 c5 32. Qf4 Bd8 33. Ra6 Bb6 34. Ra4 Qe1+ 35. Ka2 Qe6+ 36. Rc4 Kg7 37. Qe4 Qd6 38. Qf4 Qe6 39. Qe4 Qd6 40. Qe2 Qd5 41. Kb1 Qf5+ 42. Re4 h5 43. Ka1 Qf6 44. Re8 Qf5 45. Qe5+ Qxe5 46. Rxe5 Kf6 47. Rd5 Ke6 48. c4 f5 49. Kb1 g5 50. Kc2 a5 51. Kd3 a4 52. Ke2 Ba7 53. Ke3 Kf6 54. Rd8 Ke5 55. Rd5+ Kf6 56. h3 g4 57. hxg4 hxg4 58. Kf2 Bb8 59. Rxc5 Ba7 0-1

[Event "EU-ch U14 25th"]
[Site "Porec"]
[Date "2015.09.24"]
[Round "4"]
[White "Borzan, Andrej"]
[Black "Boudry, William"]
[Result "1/2-1/2"]
[WhiteElo "1540"]
[BlackElo "1709"]
[PlyCount "98"]
[EventDate "2015.09.21"]
[EventType "swiss"]
[EventRounds "9"]
[EventCountry "CRO"]
[SourceTitle "EXT 2016"]
[Source "ChessBase"]
[SourceDate "2015.10.08"]
[SourceVersion "1"]
[SourceVersionDate "2015.10.08"]
[SourceQuality "1"]

1. e4 c5 2. Nf3 d6 3. Bb5+ Bd7 4. Bxd7+ Nxd7 5. d4 cxd4 6. Nxd4 g6 7. Nc3 Bg7 8. Be3 Ngf6 9. 0-0 0-0 10. Qd2 Ng4 11. h3 Nxe3 12. Qxe3 Qb6 13. Rfd1 Rac8 14. Nd5 Qd8 15. c3 e6 16. Nb4 a5 17. Nbc2 Nb6 18. Na3 Qe7 19. Nxe6 Na4 20. Nxg7 Nxb2 21. Rd2 Na4 22. Nb5 Qe5 23. Nxd6 Nxc3 24. Nxc8 Ne2+ 25. Qxe2 Qxa1+ 26. Qd1 Qxd1+ 27. Rxd1 Rxc8 28. Nf5 gxf5 29. exf5 Kg7 30. Rb1 Rc7 31. g4 Rc3 32. Kg2 Ra3 33. Rxb7 Rxa2 34. Kg3 a4 35. Ra7 a3 36. f4 Ra1 37. Kg2 Ra2+ 38. Kg3 Ra1 39. Ra4 a2 40. Kg2 h5 41. g5 Rd1 42. Rxa2 Rd5 43. Kg3 Rxf5 44. Rf2 f6 45. h4 Kg6 46. Rc2 Ra5 47. Rc3 Ra4 48. Kf3 Rb4 49. Re3 Kf5 1/2-1/2

[Event "EU-ch U14 25th"]
[Site "Porec"]
[Date "2015.09.22"]
[Round "2"]
[White "Vakhitov, Dmitri"]
[Black "Boudry, William"]
[Result "1-0"]
[WhiteElo "1957"]
[BlackElo "1709"]
[PlyCount "45"]
[EventDate "2015.09.21"]
[EventType "swiss"]
[EventRounds "9"]
[EventCountry "CRO"]
[SourceTitle "EXT 2016"]
[Source "ChessBase"]
[SourceDate "2015.10.08"]
[SourceVersion "1"]
[SourceVersionDate "2015.10.08"]
[SourceQuality "1"]

1. d4 f5 2. e4 fxe4 3. Nc3 Nf6 4. Bg5 c6 5. f3 Qa5 6. Bxf6 exf6 7. fxe4 Ba3 8. Qc1 d6 9. Bd3 0-0 10. Nge2 Bg4 11. 0-0 Bb4 12. Qf4 Be6 13. Nd1 d5 14. c3 Be7 15. Ne3 Qd8 16. Nf5 Bxf5 17. Qxf5 g6 18. Qe6+ Kg7 19. exd5 c5 20. Rad1 Re8 21. Nf4 Na6 22. Bb5 Nc7 23. Bxe8 1-0

[Event "Agneaux St Lo U16 op 17th"]
[Site "Agneaux"]
[Date "2015.07.06"]
[Round "4"]
[White "Mathet, Jeremy"]
[Black "Boudry, William"]
[Result "1-0"]
[WhiteElo "1692"]
[BlackElo "1722"]
[PlyCount "62"]
[EventDate "2015.07.03"]
[EventType "swiss"]
[EventRounds "9"]
[EventCountry "FRA"]
[SourceTitle "EXT 2016"]
[Source "ChessBase"]
[SourceDate "2015.10.08"]
[SourceVersion "1"]
[SourceVersionDate "2015.10.08"]
[SourceQuality "1"]

1. d4 Nf6 2. Nf3 c5 3. d5 b5 4. c4 bxc4 5. Nc3 d6 6. e4 Nbd7 7. Bxc4 g6 8. 0-0 Bg7 9. h3 0-0 10. Be3 Rb8 11. Qc2 Qa5 12. Rab1 Rb4 13. Be2 Ba6 14. a3 Rb7 15. b4 cxb4 16. axb4 Rxb4 17. Rxb4 Qxb4 18. Bxa6 Qa5 19. Bb7 Qc7 20. Bc6 a6 21. Rb1 Rc8 22. Rb7 Qd8 23. Qa4 Nb8 24. Bb6 Qf8 25. Nd4 Kh8 26. Bc7 h6 27. Bxb8 Rxb8 28. Qxa6 Nxe4 29. Nxe4 Bxd4 30. Rxb8 Qxb8 31. Qa8 Ba1 1-0